00245nam a2200097Ia 4500008004100000100002100041245003900062260002900101260000900130300000800139170620s9999 xx 000 0 und d aSingh- Ram Nihor 0aPrarambhik Siksha k Naveen Prayaas bShahitya Prakashan- Agra c2015 a180